| 000 | 00331nam a22001217a 4500 | ||
|---|---|---|---|
| 999 |
_c2890 _d2890 |
||
| 005 | 20200925103924.0 | ||
| 008 | 200925b ||||| |||| 00| 0 eng d | ||
| 020 | _a0436201275 | ||
| 040 | _cCML | ||
| 245 |
_aOleg Yermakov Afgham Stories. _cRomano, M. |
||
| 260 |
_aLondon _bMartin Secker & Warburg Ltd. _c1991 |
||
| 942 |
_2ddc _cBK _kF _mMON |
||